Une définition = un objet - Statistiques

Statistiques générales
  • Ce quiz a été pris 784 fois
  • Le résultat moyen est 13 sur 15
Statistiques - réponses
Hint Réponse % Correct
Pièce de métal que l’on introduit dans une serrure pour ouvrir ou fermer un accès. Clé
100%
Ustensile de table, en forme de petite fourche qui a deux, trois ou quatre pointes ou dents par le bout, et dont on se sert pour piquer les aliments. Fourchette
99%
Sorte de siège long à dossier, où plusieurs personnes peuvent être assises ensemble et qui peut servir aussi de lit de repos. Canapé
92%
Périphérique principal d’entrée constitué de touches et qui permet d’interagir avec un ordinateur. Clavier
92%
Petit siège sans dossier souvent avec trois ou quatre pieds. Tabouret
92%
Ensemble de pages reliées entre elles et dotées de signes destinés à être lus. Livre
91%
Petit boîtier à boutons permettant de commander à distance un appareil. Télécommande
90%
Boule de verre, contenant un gaz et traversé par un filament métallique, servant à l’éclairage électrique. Ampoule
87%
Appareil à poids ou à ressort placé dans un endroit apparent de quelque édifice et destiné à marquer et à sonner les heures. Horloge
86%
Matière solide, amorphe, transparente, dure et fragile, élaborée à l’aide de sable siliceux, mêlée de calcaire, de soude ou de potasse, avec laquelle on fabrique des produits plats, comme les vitrages, des produits creux, comme la gobeleterie, les bouteilles, etc., et des fibres à l’usage de la construction. Verre
85%
Objet de forme sphérique, généralement composée d’une vessie gonflée d’air et recouverte de cuir ou de plastique et servant à jouer. Ballon
81%
Bordure de bois, de marbre, de bronze, etc., dans laquelle on place un tableau, une estampe, un ouvrage de sculpture, etc. Cadre
81%
Serrure mobile qui sert à fermer une porte, une caisse, etc., au moyen d’un anneau passé soit dans un autre anneau, soit dans deux pitons. Cadenas
73%
Élément d’un jeu constitué de cylindres de bois, que l’on dresse puis fait tomber à l’aide d'une boule de bois que l’on fait rouler sur le sol. Quille
72%
Ustensile de cuisine à fond plat et à bords haut, généralement utilisé dans la confection de recettes à base de liquides. Casserole
60%
Aucun quiz correspondant
Distribution des résultats
% des personnes avec chaque résultat
Percentile par nombre de réponses
Votre historique - résultats
Vous n’avez pas pris ce quiz